| 000 | 01322cam a22003737a 4500 | ||
|---|---|---|---|
| 001 | 17437428 | ||
| 005 | 20170105102345.0 | ||
| 008 | 120821s2012 caua 001 0 eng d | ||
| 010 | _a 2012405913 | ||
| 016 | 7 |
_a015959366 _2Uk |
|
| 020 | _a9780735660182 (pbk.) | ||
| 020 | _a0735660182 (pbk.) | ||
| 035 | _a(OCoLC)ocn719428330 | ||
| 040 |
_aBTCTA _beng _cBTCTA _dUKMGB _dBDX _dYDXCP _dCXP _dBWX _dCOO _dCDX _dDLC |
||
| 042 | _alccopycat | ||
| 050 | 0 | 0 |
_aTK5105.875.I6 _bC668 2012 |
| 082 | 0 | 0 |
_a004.682 COV _223 |
| 100 | 1 | _aCoventry, Penelope. | |
| 245 | 1 | 0 |
_aMicrosoft SharePoint 2010 : business connectivity services _bbusiness connectivity services _cPenelope Coventry, Brett Lonsdale, Phill Duffy. |
| 246 | 3 | _aMicrosoft SharePoint two thousand and ten | |
| 246 | 3 | _aMicrosoft SharePoint two thousand ten | |
| 246 | 3 | 0 | _aSharePoint 2010 |
| 260 |
_aSebastopol, CA : _bO'Reilly Media, _cc2012. |
||
| 300 |
_axx, 393 p. : _bill. ; _c23 cm. |
||
| 500 | _aIncludes index. | ||
| 630 | 0 | 0 | _aMicrosoft SharePoint (Electronic resource) |
| 650 | 0 | _aIntranets (Computer networks) | |
| 650 | 0 | _aWeb servers. | |
| 700 | 1 | _aLonsdale, Brett. | |
| 700 | 1 | _aDuffy, Phill. | |
| 906 |
_a7 _bcbc _ccopycat _d2 _encip _f20 _gy-gencatlg |
||
| 942 |
_2ddc _cBK |
||
| 999 |
_c11665 _d11665 |
||